书目信息 |
| 题名: |
欧美古典作家论现实主义和浪漫主义
|
|
| 作者: | ;中国社会科学院外国文学研究所外国文学研究资料丛刊编辑委员会 编 | |
| 分册: | 一 | |
| 出版信息: | 北京 中国社会科学出版社 1980.03 |
|
| 页数: | 360页 | |
| 开本: | 20cm | |
| 丛书名: | 外国文学研究资料丛刊 | |
| 单 册: | ||
| 中图分类: | I06 | |
| 科图分类: | ||
| 主题词: | 文学评论 , 文学欣赏 | |
| 电子资源: | ||
| ISBN: | ||
| 000 | 00927nam0 2200241 45 | |
| 001 | 0210200985 | |
| 005 | 20040428152745.0 | |
| 010 | @dCNY1.10 | |
| 091 | @a10190.012 | |
| 100 | @a20021020d1980 km y0chiy0120 ea | |
| 101 | 0 | @achi |
| 105 | @a z 000zy | |
| 200 | 1 | @a欧美古典作家论现实主义和浪漫主义@AOu Mei Gu Dian Zuo Jia Lun Xian Shi Zhu Yi He Lang Man Zhu Yi@h一@f中国社会科学院外国文学研究所外国文学研究资料丛刊编辑委员会编@FZhong Guo She Hui Ke Xue Yuan Wai Guo Wen Xue Yan Jiu Suo Wai Guo Wen Xue Yan Jiu Zi Liao Cong Kan Bian Ji Wei Yuan Hui Bian |
| 210 | @a北京@c中国社会科学出版社@d1980.03 | |
| 215 | @a360页@d20cm | |
| 225 | @a外国文学研究资料丛刊 | |
| 410 | @12001 @a外国文学研究资料丛刊 | |
| 606 | 0 | @a文学评论 |
| 606 | 0 | @a文学欣赏 |
| 690 | @aI06@v3 | |
| 711 | 02 | @a中国社会科学院外国文学研究所外国文学研究资料丛刊编辑委员会@4编 |
| 801 | @aCN@bTSTC@c20021020 | |
| 905 | @dI06@e12:1@f1@b29577@b29579@f1 | |
| 欧美古典作家论现实主义和浪漫主义.一/中国社会科学院外国文学研究所外国文学研究资料丛刊编辑委员会编.-北京:中国社会科学出版社,1980.03 |
| 360页;20cm.-(外国文学研究资料丛刊) |
| ISBN :CNY1.10 |
| ● |
| 相关链接 |
|
|
|
|
正题名:欧美古典作家论现实主义和浪漫主义
索取号:I06/12:1
 
预约/预借
| 序号 | 登录号 | 条形码 | 馆藏地/架位号 | 状态 | 备注 |
| 1 | 0029577 | 000909921 | 第二借阅区/ [索取号:I06/12:1] | 在馆 | |
| 2 | 0029578 | 202438638 | 第一样本阅览室/ [索取号:I06/12:1] | 在馆 | |
| 3 | 0029579 | 000909878 | 第二借阅区/ [索取号:I06/12:1] | 在馆 |